000 00346nam a2200145Ia 4500
008 150201s2006 xx 000 0 und d
082 _a616.01
_bM06B
100 _aBAKER,S
245 _aINSTANT NOTES MICROBIOLOGY
250 _a3RD
260 _bTAYLOR&FRANCIES
_aNEW YORK
_c2006
300 _a1-427
650 _aMICROBIOLOGY
942 _2ddc
_cBK
_01
999 _c294
_d294